Statistics for Johnny Depp character quiz

Click here to take the quiz!

General Stats

  • This quiz has been taken 607 times
  • The average score is 7 of 20

Answer Stats

Hint Character % Correct
Drunken pirateCaptain Jack Sparrow
94%
Chocolate FactoryWilly Wonka
84%
Alice in WonderlandMad Hatter
80%
Demon barber of Fleet StreetSweeney Todd
67%
ChameleonRango
54%
"Hold me" "I can't."Edward Scissorhands
52%
Native American warriorTonto
43%
Caring brotherGilbert Grape
33%
Headless HorsemanIchabod Crane
32%
Unorthodox directorEd Wood
32%
A sensitive bad boyCry-baby
23%
VampireBarnabas Collins
14%
Unwilling GroomVictor Van Dort
13%
BlowGeorge Jung
9%
A Nightmare on Elm StreetGlen Lantz
6%
The next Buster KeatonSam
6%
Jack the Ripper DetectiveInspector Frederick Abberline
6%
Once upon a time in MexicoSands
5%
Drugs, Drugs and more DrugsRaoul Duke
5%
Dead manWilliam Blake
3%

Score Distribution

Percentile by Number Answered

Percent of People with Each Score

Your Score History

You have not taken this quiz